| 000 | 00458nam a2200169Ia 4500 | ||
|---|---|---|---|
| 999 |
_c28843 _d28843 |
||
| 003 | OSt | ||
| 005 | 20211119104947.0 | ||
| 008 | 190216s9999||||xx |||||||||||||| ||und|| | ||
| 040 | _coclc | ||
| 082 |
_a894.8123 _bBOS/R |
||
| 100 |
_aBose, Batten _96515 |
||
| 245 | 0 |
_aRanger / _cBatten Bose |
|
| 260 |
_bOriental Books, _aKozhikode: _c2005. |
||
| 300 | _a272p | ||
| 650 | _aNovel | ||
| 942 |
_cBK _2ddc _h894.8123 _iBOS/R _k894.8123 _mBOS/R |
||